|
|
|
|
| LEADER |
00000nam0a2200000 4500 |
| 001 |
312730 |
| 005 |
20231102002520.0 |
| 020 |
|
|
|a RU
|b 82-39267
|
| 035 |
|
|
|a (RuTPU)RU\TPU\book\338100
|
| 090 |
|
|
|a 312730
|
| 100 |
|
|
|a 20151226d1982 km y0rusy5003 ca
|
| 101 |
0 |
|
|a rus
|
| 102 |
|
|
|a RU
|
| 105 |
|
|
|a y z 001zb
|
| 200 |
1 |
|
|a Логика Давида Непобедимого
|f Г. А. Брутян
|g Академия наук СССР (АН СССР), Институт философии (ИФ) ; Академия наук Армянской ССР (АН АрмССР), Институт философии и права
|
| 210 |
|
|
|a Москва
|c Наука
|d 1982
|
| 215 |
|
|
|a 88 с.
|
| 320 |
|
|
|a Библиогр. в примеч.: 76-87
|
| 600 |
|
0 |
|a Давид Анахт Непобедимый
|c армянский философ
|c переводчик
|f конец 5 в.-1-я половина 6 в.
|2 stltpush
|3 (RuTPU)RU\TPU\pers\13184
|9 3868
|
| 606 |
1 |
|
|a Армянская философия
|x История
|2 stltpush
|3 (RuTPU)RU\TPU\subj\75737
|
| 610 |
1 |
|
|a 5 век
|
| 610 |
1 |
|
|a логика
|
| 610 |
1 |
|
|a 6 век
|
| 610 |
1 |
|
|a интерпретация
|
| 610 |
1 |
|
|a понятия
|
| 610 |
1 |
|
|a определение
|
| 610 |
1 |
|
|a суждения
|
| 610 |
1 |
|
|a умозаключения
|
| 610 |
1 |
|
|a мышление
|
| 686 |
|
|
|a Ю3(5Ар)
|2 rubbk
|
| 700 |
|
1 |
|a Брутян
|b Г. А.
|g Георг Абелович
|4 070
|
| 712 |
0 |
2 |
|a Академия наук СССР (АН СССР)
|b Институт философии (ИФ)
|2 stltpush
|3 (RuTPU)RU\TPU\col\11338
|
| 712 |
0 |
2 |
|a Академия наук Армянской ССР (АН АрмССР)
|b Институт философии и права
|2 stltpush
|3 (RuTPU)RU\TPU\col\19039
|
| 801 |
|
0 |
|a RU
|b RuMRKP
|c 19950704
|g psbo
|
| 801 |
|
1 |
|a RU
|b 63413507
|c 20151226
|
| 801 |
|
2 |
|a RU
|b 63413507
|c 20191030
|g RCR
|
| 942 |
|
|
|c BK
|